000 00362 a2200169 4500
001 173249
020 _a85-06-01653-3
040 _cMagnum
100 _aRocha, Ruth
240 1 0 _aO livro do lápis
_lpor
245 1 0 _aO livro do lápis
300 _a31
362 0 _a1993
440 1 _aMelhoramentos
697 _aLITERATURA INFANTO-JUVENIL
942 _cBK
999 _c173249
_d173249